| 000 | 00892nam a22003017a 4500 | ||
|---|---|---|---|
| 001 | 3550914 | ||
| 003 | OSt | ||
| 005 | 20140310182658.0 | ||
| 008 | 970517r19961974txua 000 0 eng | ||
| 010 | _a 97152386 | ||
| 020 | _a0913592471 | ||
| 040 |
_aDLC _cDLC |
||
| 050 | 0 | 0 |
_aBV 210.2 _b.P882 1974 |
| 082 |
_aM 248.482 _bP87 1974 |
||
| 100 | 1 |
_aPowell, John Joseph, _d1925- |
|
| 240 | 1 | 0 | _aHe touched me |
| 245 | 1 | 0 |
_aTouched by God : _bmy pilgrimage of prayer / _cPowell, John |
| 260 |
_aAllen, Tex. : _bThomas More, _cc1996. |
||
| 300 |
_a95 p. : _bill. ; _c18 cm. |
||
| 500 | _aOriginally published: He touched me. c1974. | ||
| 521 | _acollege students | ||
| 526 | _c1210L to 1700L | ||
| 541 | _j1 | ||
| 562 | _efor circulation : 1 copy in the collection | ||
| 906 |
_a7 _bcbc _corignew _d4 _encip _f19 _gy-gencatlg |
||
| 942 |
_2lcc _cBK _kM |
||
| 999 |
_c15141 _d15141 |
||